书目信息 |
| 题名: |
生态美学的理论建构
|
|
| 作者: | 曾繁仁 , 谭好哲 主编 | |
| 分册: | ||
| 出版信息: | 北京 人民出版社 2016 |
|
| 页数: | 398页 | |
| 开本: | 24cm | |
| 丛书名: | 文艺美学研究丛书 | |
| 单 册: | ||
| 中图分类: | Q14-05 , Q14 | |
| 科图分类: | ||
| 主题词: | 生态学--美学--研究 | |
| 电子资源: | ||
| ISBN: | 978-7-01-016055-9 | |
| 000 | 01030oam2 2200277 450 | |
| 001 | 2338988326 | |
| 005 | 20231209205641.37 | |
| 010 | @a978-7-01-016055-9@dCNY66.00 | |
| 100 | @a20160826d2016 em y0chiy50 ea | |
| 101 | 0 | @achi |
| 102 | @aCN@b110000 | |
| 105 | @ay z 000yy | |
| 200 | 1 | @a生态美学的理论建构@Asheng tai mei xue de li lun jian gou@f曾繁仁,谭好哲主编 |
| 210 | @a北京@c人民出版社@d2016 | |
| 215 | @a398页@d24cm | |
| 225 | 1 | @a文艺美学研究丛书@h第二辑 |
| 300 | @a教育部人文社会科学重点研究基地山东大学文艺美学研究中心基金资助 | |
| 330 | @a本书收录了《从现代人类学范式看生态美学研究》《马克思、恩格斯与生态审美观》《儒家的生态观与审美观》《中国古代“天人合一”思想与当代生态文化建设》《当代生态美学观的基本范畴》等文章。 | |
| 410 | 0 | @12001 @a文艺美学研究丛书 |
| 606 | 0 | @a生态学@x美学@x研究 |
| 690 | @aQ14-05@v5 | |
| 690 | @aQ14@v4 | |
| 701 | 0 | @a曾繁仁@Azeng fan ren@4主编 |
| 701 | 0 | @a谭好哲@Atan hao zhe@4主编 |
| 801 | 0 | @aCN@b大连网信软件有限公司图书馆·11@c20231017 |
| 905 | @aZUCC@dQ14@e13 | |
| 生态美学的理论建构/曾繁仁,谭好哲主编.-北京:人民出版社,2016 |
| 398页;24cm.-(文艺美学研究丛书.第二辑) |
| 教育部人文社会科学重点研究基地山东大学文艺美学研究中心基金资助 |
| ISBN 978-7-01-016055-9:CNY66.00 |
| 本书收录了《从现代人类学范式看生态美学研究》《马克思、恩格斯与生态审美观》《儒家的生态观与审美观》《中国古代“天人合一”思想与当代生态文化建设》《当代生态美学观的基本范畴》等文章。 |
| ● |
| 相关链接 |
|
|
|
正题名:生态美学的理论建构
索取号:Q14/13
 
预约/预借
| 序号 | 登录号 | 条形码 | 馆藏地/架位号 | 状态 | 备注 |
| 1 | 2001028647 | 2001028647 | 315书库/四29架A面3层1列/ [索取号:Q14/13] | 在馆 | |
| 2 | 2001028648 | 2001028648 | 315书库/四29架A面3层1列/ [索取号:Q14/13] | 在馆 | |
| 3 | 2001028649 | 2001028649 | 315书库/四29架A面3层1列/ [索取号:Q14/13] | 在馆 | |
| 4 | 2001028650 | 2001028650 | 315书库/四29架A面3层1列/ [索取号:Q14/13] | 在馆 | |
| 5 | 2001028651 | 2001028651 | 315书库/四29架A面3层1列/ [索取号:Q14/13] | 在馆 | |
| 6 | 2001028652 | 2001028652 | 315书库/四29架A面3层1列/ [索取号:Q14/13] | 在馆 |